000 006050000a22001690004500
090 _aAR
_b02321
245 1 0 _aDe plantis toxicariis e mundo novo tropicales commentationes XXXIII: ethnobotanical, floristic and nomenclatural notes on plants of the northwest Amazon
650 1 4 _aEtnobotánica
_992498
650 1 4 _aPlantas útiles
_992936
650 1 4 _aToxicología
_992700
650 1 4 _aTaxonomía vegetal
_992262
651 4 _pColombia
_992749
041 0 _aPortugués
100 1 _aEvans Schultes, Richard
_915229
942 _cARTICULO
773 1 _tBotanical Museum Leaflets
_31203
_h4
_q343-364
_d1983
_g29
999 _c11392
_d11392